Neuzeitliche Gemäldekopien von Werken Alter Meister in den Kirchen Vorpommerns
| Titel: | Neuzeitliche Gemäldekopien von Werken Alter Meister in den Kirchen Vorpommerns |
|---|---|
| Verfasser: | |
| In: |
Germanisches Nationalmuseum: Anzeiger des Germanischen Nationalmuseums, (1998), Seite 139-146 alle Artikel anzeigen |
| Veröffentlicht: | 1998 |
| Format: | Aufsatz |
| Sprache: | Deutsch |
X
alg: 39145498 001A $01999:11-11-16 001B $01999:15-05-21 $t20:54:06.000 001C $06050:19-11-16 $t09:14:36.000 001D $01999:11-11-16 001U $0utf8 001X $00 002@ $0Aox 003@ $0391454986 007A $0391454986 $aHEB 007T $0Herd16259 010@ $ager 011@ $a1998 021A $aNeuzeitliche Gemäldekopien von Werken Alter Meister in den Kirchen Vorpommerns 028A $aLissok $dMichael 031A $h139-146 $j1998 039B $aIn $8--Abvc--Germanisches Nationalmuseum [Tb1]. Anzeiger des Germanischen Nationalmuseums. - Nürnberg : Verlag des Germanischen Nationalmuseums, 1886-. - ISSN 1430-5496 $x199800000000000861 $9047661933 045F $a709.43816 $eDDC23BSB 045F/01 $a709 045F/03 $g43816 045T $a9,10 lok: 39145498 78 exp: 39145498 78 1 #EPN 201B/01 $027-03-18 $t23:16:23.000 201U/01 $0utf8 203@/01 $0787549045 208@/01 $a11-11-16 $be 209A/01 $a/ $f000 $x00 220C/01 $aTitelaufnehmer: cs;ja 244Z/01 $2Trx $#Pomeranija $#Pommern $#Pomoransko $#Pomořansko $#Hinterpommern;Vorpommern;Mittelpommern $#Pomorze Środkowe;Pomorze Przednie $#Pomořansko;Západní Pomořany; Pomořany $8--Trx--Pomorze Zachodnie $x01 $9391303775 244Z/01 $#Greifswald $#Gryphisvaldia $#Universitäts- und Hansestadt Greifswald $#Hansestadt Greifswald $#Gryphiswaldiae $#Greifsvaldas $#Gryfia $#Gryphia $74021965-3 $8--Tg1--Greifswald $x02 $9085053651 244Z/01 $74090674-7 $8--Tg1--Demmin $x03 $908525391X 244Z/01 $2Trx $8--Trx--Loitz $x04 $9391277804 244Z/01 $2Trx $8--Trx--Pasewalk $x05 $9391138375 244Z/01 $#Rügen $74050875-4 $8--Tg1--Rügen $x06 $9085141852 244Z/01 $aGeschichte 1806-1826 $x07 244Z/01 $2Trx $#maalikunst $#tapyba $#Painting $#festészet $#malarstwo $#maliarstvo $#malířství $8--Trx--Malerei $x08 $9391366467 244Z/01 $2Trx $#renessanss $#Renesansas $#Renaissance $#reneszánsz $#renesans $#renesancia $#renesance $8--Trx--Renaissance $x09 $9391353519 244Z/01 $2Trx $#kirikud hooned $#bažnyčių pastatai $#churches buildings $#templomok épületek $#kościoły budynki $#kostoly budovy $#kostely budovy $8--Trx--Kirchen$gGebäude $x10 $9391363778 244Z/01 $2Trx $8--Trx--Zeitschriftenaufsatz $x11 $9391384341 245Z/01 $a11.10 $x01 247C/01 $82080>Marburg/Lahn, Herder-Institut, Forschungsbibliothek, Bibliographieportal $9336309341
| LEADER | 00000caa a22000002c 4500 | ||
|---|---|---|---|
| 001 | 391454986 | ||
| 003 | DE-603 | ||
| 005 | 20210515205406.0 | ||
| 007 | tu | ||
| 008 | 161111s1998 xx |||| | u00||u|ger c | ||
| 035 | |a (DE-599)HEB391454986 | ||
| 040 | |a DE-603 |b ger |c DE-603 |d DE-603 | ||
| 041 | |a ger | ||
| 082 | 0 | 4 | |8 1\u |a 709.43816 |q DE-101 |2 23/BSB |
| 084 | |a 9,10 |2 ssgn | ||
| 085 | |8 1\u |b 709 | ||
| 085 | |8 1\u |z 2 |s 43816 | ||
| 100 | 1 | |a Lissok, Michael | |
| 245 | 0 | 0 | |a Neuzeitliche Gemäldekopien von Werken Alter Meister in den Kirchen Vorpommerns |
| 264 | 0 | |c 1998 | |
| 773 | 0 | 8 | |i In |a Germanisches Nationalmuseum |t Anzeiger des Germanischen Nationalmuseums |d Nürnberg : Verlag des Germanischen Nationalmuseums, 1886- |x 1430-5496 |g (1998), Seite 139-146 |w (DE-603)047661933 |w (DE-600)500088-9 |
| 924 | 0 | |9 2080 |a (DE-603)787549045 |b DE-2080 |c HES |d d |g / | |


